[Event "Djerba Blitz op"]
[Site "Djerba"]
[Date "2025.02.19"]
[Round "9"]
[White "Mathanchandaran, Dev"]
[Black "Hinard, Jeremy"]
[Result "1-0"]
[WhiteElo "1650"]
[BlackElo "1609"]
[PlyCount "64"]
[EventDate "2025.02.19"]
[EventType "swiss (blitz)"]
[EventRounds "9"]
[EventCountry "TUN"]
[SourceTitle "CB09_2025"]
[SourceDate "2025.02.27"]
[SourceVersion "1"]
[SourceVersionDate "2025.02.27"]
[SourceQuality "1"]

1. e4 c6 2. Nf3 d5 3. exd5 cxd5 4. Ne5 Nf6 5. d4 Nc6 6. Bb5 Qb6 7. Bxc6+ bxc6 8. Nc3 Ba6 9. Qf3 Qxd4 10. Nxc6 Qc5 11. Ne5 e6 12. Be3 Qc7 13. Nd3 Bxd3 14. cxd3 Bb4 15. Rc1 0-0 16. 0-0 Bxc3 17. Rxc3 Qd7 18. Bd4 Rfc8 19. Bxf6 gxf6 20. Qxf6 Rxc3 21. Qxc3 Rc8 22. Qd2 Qa4 23. a3 Rc2 24. Qg5+ Kh8 25. Rb1 Re2 26. g3 Qc2 27. Rf1 Qxb2 28. Qd8+ Kg7 29. Qd6 Qd2 30. Qe7 Qxd3 31. Qxa7 Qf3 32. Qb7 Qg4 1-0